000 02022cam a22004095a 4500
999 _c234528
_d234528
001 17243263
003 Nust
005 20170322110520.0
008 120405r20051992nyu 000 1 eng d
010 _a 2012379376
020 _a9780749938253
035 _a(OCoLC)ocm57936674
040 _aVLC
_cVLC
_dOCLCQ
_dIUI
_dO3Y
_dDLC
042 _alccopycat
043 _an-us-ny
_an-us-md
050 0 0 _aCPB Box no. 1159 (Stored at Landover)
082 _a823
_bROB
100 1 _aRoberts, Nora.
245 1 0 _aDivine evil /
_cNora Roberts.
250 _aBantam mass market ed.
260 _aNew York :
_bBantam Books,
_c1992
300 _a568 p. ;
_c22 cm.
500 _aOriginally published in hardcover: New York : Bantam Books, 1992.
520 _aA decade ago, sculptor Clare Kimball fled Emmitsboro, Maryland, to take the art world by storm. But no amount of success can eclipse the nightmares that haunt her - or the memories of her father's suicide. Emmitsboro sheriff Cameran Rafferty loved Clare from afar all through high school. Now that she's back, they form a bond that grows stronger each day. But Clare's past soon rises up with a vengeance, rocking the town with a sinister murder that is clearly linked to her return.
650 0 _aSatanism
_vFiction.
650 0 _aWomen sculptors
_vFiction.
650 0 _aFathers
_xDeath
_vFiction.
650 0 _aSheriffs
_vFiction.
651 0 _aNew York (N.Y.)
_vFiction.
651 0 _aMaryland
_vFiction.
655 7 _aRomantic suspense fiction.
_2gsafd
710 2 _aCopyright Paperback Collection (Library of Congress)
_5DLC
856 4 2 _3Contributor biographical information
_uhttp://www.loc.gov/catdir/enhancements/fy1301/2012379376-b.html
856 4 2 _3Publisher description
_uhttp://www.loc.gov/catdir/enhancements/fy1301/2012379376-d.html
856 4 1 _3Sample text
_uhttp://www.loc.gov/catdir/enhancements/fy1301/2012379376-s.html
906 _a0
_bibc
_ccopycat
_d2
_encip
_f20
_gy-genrareb
942 _2ddc
_cBK